El mercado ´de la Madrid´ (Record no. 8917)
[ view plain ]
| 000 -CABECERA | |
|---|---|
| campo de control de longitud fija | 00845nam a2200265 a 4500 |
| 001 - NÚMERO DE CONTROL | |
| campo de control | BRL_104 |
| 005 - FECHA Y HORA DE LA ÚLTIMA TRANSACCIÓN | |
| campo de control | 20190320210606.0 |
| 008 - DATOS DE LONGITUD FIJA--INFORMACIÓN GENERAL | |
| campo de control de longitud fija | 920929s1991 mx-a#####b---#000-0#spa-# |
| 040 ## - FUENTE DE LA CATALOGACIÓN | |
| Centro catalogador/agencia de origen | DLC |
| Centro/agencia transcriptor | DLC |
| 041 ## - CÓDIGO DE LENGUA | |
| Código de lengua del texto/banda sonora o título independiente | spa |
| 044 ## - CÓDIGO DEL PAÍS DE LA ENTIDAD EDITORA/PRODUCTORA | |
| Código MARC del país | mx |
| 050 #4 - SIGNATURA TOPOGRÁFICA DE LA BIBLIOTECA DEL CONGRESO | |
| Número de clasificación | F1391.C6 |
| Número de documento/Ítem | .R49 1991 |
| 100 1# - ENTRADA PRINCIPAL--NOMBRE DE PERSONA | |
| Nombre de persona | Reyes G., Juan Carlos |
| 9 (RLIN) | 22923 |
| 245 10 - MENCIÓN DE TÍTULO | |
| Título | El mercado ´de la Madrid´ |
| Resto del título | un ejemplo de arquitectura porfirista en Colima |
| Mención de responsabilidad, etc. | Juan Carlos Reyes G. |
| 260 ## - PUBLICACIÓN, DISTRIBUCIÓN, ETC. | |
| Lugar de publicación, distribución, etc. | México |
| Nombre del editor, distribuidor, etc. | Universidad de Colima |
| Fecha de publicación, distribución, etc. | 1991 |
| 300 ## - DESCRIPCIÓN FÍSICA | |
| Extensión | 72 p. |
| Otras características físicas | il. |
| Dimensiones | 21 cm. |
| 500 ## - NOTA GENERAL | |
| Nota general | Au121 |
| 504 ## - NOTA DE BIBLIOGRAFÍA, ETC. | |
| Nota de bibliografía, etc. | Bibliografía: p. 67-72 |
| 610 24 - PUNTO DE ACCESO ADICIONAL DE MATERIA--NOMBRE DE ENTIDAD CORPORATIVA | |
| Nombre de entidad corporativa o nombre de jurisdicción como elemento de entrada | Mercado de la Madrid (México) |
| 9 (RLIN) | 22924 |
| 650 14 - PUNTO DE ACCESO ADICIONAL DE MATERIA--TÉRMINO DE MATERIA | |
| Término de materia o nombre geográfico como elemento de entrada | Positivismo |
| Subdivisión geográfica | México |
| 9 (RLIN) | 22925 |
| 650 14 - PUNTO DE ACCESO ADICIONAL DE MATERIA--TÉRMINO DE MATERIA | |
| Término de materia o nombre geográfico como elemento de entrada | Arquitectura |
| Subdivisión general | Historia |
| Subdivisión cronológica | Siglo XIX-XX |
| Subdivisión geográfica | México |
| 9 (RLIN) | 22926 |
| 651 #4 - PUNTO DE ACCESO ADICIONAL DE MATERIA--NOMBRE GEOGRÁFICO | |
| Nombre geográfico | Colima (México) |
| Subdivisión general | Edificios, estructuras, etc. |
| 9 (RLIN) | 22927 |
| 902 ## - CATALOGADOR | |
| Iniciales | GRL |
| 942 ## - ELEMENTOS DE PUNTO DE ACCESO ADICIONAL (KOHA) | |
| Fuente del sistema de clasificación o colocación | Library of Congress Classification |
| Tipo de ítem Koha | Libros |
| Estado de retiro | Estado de pérdida | Estado dañado | No para préstamo | Localización permanente | Ubicación/localización actual | Fecha de adquisición | Número de inventario | Total de préstamos | Signatura topográfica completa | Código de barras | Fecha visto por última vez | Precio válido a partir de | Tipo de ítem Koha |
|---|---|---|---|---|---|---|---|---|---|---|---|---|---|
| El ejemplar forma parte de la colección y puede ser consultado según las políticas vigentes. | Biblioteca Centro de Estudios Ruth D. Lechuga | Biblioteca Centro de Estudios Ruth D. Lechuga | 11/10/2012 | Au121 | F1391.C6 .R49 1991 (Au121) | GRL00116 | 22/03/2019 | 22/03/2019 | Libros |